Osobitosti postavenia žiakov a študentov z hľadiska dane z príjmov - dohody o brigádnickej činnosti

Problematika zdaňovania príjmov zo závislej činnosti. Zákon 595/2003 Z. z. o dani z príjmov v znení neskorších predpisov. Od 1. 1. 2013 je žiak a študent, ktorý pracuje na základe dohody o brigádnickej práci študentov, povinne dôchodkovo poistený na účely sociálneho poistenia a čestné vyhlásenie umo...

Descripción completa

Guardado en:
Detalles Bibliográficos
Autor principal: Válek, Juraj, 1981-
Formato: Capítulo de libro
Lenguaje:eslovaco
Materias:
Etiquetas: Agregar Etiqueta
Sin Etiquetas, Sea el primero en etiquetar este registro!

MARC

LEADER 00000nla a2200000 4500
001 0172093
005 20240502072942.0
041 0 |a slo 
044 |a SK 
245 1 0 |a Osobitosti postavenia žiakov a študentov z hľadiska dane z príjmov - dohody o brigádnickej činnosti  |c Juraj Válek 
520 |a Problematika zdaňovania príjmov zo závislej činnosti. Zákon 595/2003 Z. z. o dani z príjmov v znení neskorších predpisov. Od 1. 1. 2013 je žiak a študent, ktorý pracuje na základe dohody o brigádnickej práci študentov, povinne dôchodkovo poistený na účely sociálneho poistenia a čestné vyhlásenie umožňuje, aby neplatil poistné za určitých podmienok. 
610 2 0 |a dane z príjmov 
610 2 0 |a dane 
610 2 0 |a odvody 
610 2 0 |a poistenie sociálne 
610 2 0 |a žiaci 
610 2 0 |a študenti 
610 2 0 |a dohody o činnosti pracovnej 
610 2 0 |a zákony 
100 1 |a Válek, Juraj, 1981-